Statistiken für Errate den Film #1

Klicken Sie hier um das Quiz zu spielen!

Allgemein

  • Dieses Quiz wurde 68 mal gespielt
  • Das Durchschnittsergebnis liegt bei 8 aus 16

Antwortstatistiken

RegisseurSchauspielerFilm% Korrekt
George LucasMark Hamill; Carrie Fisher; Harrison FordStar Wars: Episode V - Das Imperium schlägt zurück
86%
Francis Ford CoppolaMarlon Brando; Al Pacino; James CaanDer Pate
83%
Lana Wachowsky
Lilly Wachowsky
Keanu Reeves; Laurence Fishburne; Carrie-Anne MossMatrix
81%
Peter Jackson
Orlando Bloom; Sean Bean; Elijah Wood
Der Herr der Ringe: Die Gefährten
80%
Christopher NolanChristian Bale; Heath Ledger; Aaron EckhartThe Dark Knight
75%
Robert ZemeckisTom Hanks; Robin Wright; Gary SiniseForrest Gump
66%
David FincherBrad Pitt; Edward Norton; Helena Bonham CarterFight Club
56%
Christopher NolanLeonardo DiCaprio; Joseph Gordon-Levitt; Cillian MurphyInception
56%
Christopher NolanMatthew McConaughey; Anne Hathaway; Jessica ChastainInterstellar
44%
David FincherBrad Pitt; Morgan Freeman; Gwyneth PaltrowSieben
41%
Frank DarabontTim Robbins; Morgan Freeman; Bob GuntonDie Verurteilten
36%
Martin ScorseseRay Liotta; Robert De Niro; Joe PesciGoodFellas - Drei Jahrzehnte der Mafia
32%
Sergio LeoneClint Eastwood; Eli Wallach; Lee Van CleefZwei glorreiche Halunken
27%
Akira KurosawaToshirô Mifune; Takashi Shimura; Keiko TsushimaDie sieben Samurai
17%
Wes AndersonRalph Fiennes; Bill Murray; Edward NortonThe Grand Budapest Hotel
17%
Quentin TarantinoSamuel L. Jackson; Michael Keaton; Chris TuckerJackie Brown
15%

Verteilung der Resultate

Perzentil nach korrekt beantworteten Fragen

Anzahl Personen mit jedem Resultat

Ihre Resultats-Entwicklung

Sie haben dieses Quiz noch nicht gespielt